Vývoj emisií skleníkových plynov v regiónoch EÚ (2020–2024): Priestorová exploračná analýza

Príspevok analyzuje priestorové rozloženie a vývoj emisií skleníkových plynov (GHG) v európskych regiónoch NUTS 2 v rokoch 2020–2024 pomocou exploračnej analýzy dát (EDA) a priestorovej exploračnej analýzy dát (ESDA) v softvéri GeoDa. V príspevku sa využíva technika krabicových grafov, krabicových m...

Description complète

Enregistré dans:
Détails bibliographiques
Auteur principal: Chocholatá, Michaela, 1977-
Format: Chapitre de livre
Langue:slovaque
Sujets:
Tags: Ajouter un tag
Pas de tags, Soyez le premier à ajouter un tag!

MARC

LEADER 00000naa$a2200000$$$4500
001 0313567
005 20251211112617.4
041 0 |a slo 
044 |a SK 
245 1 0 |a Vývoj emisií skleníkových plynov v regiónoch EÚ (2020–2024): Priestorová exploračná analýza  |c Michaela Chocholatá 
520 |a Príspevok analyzuje priestorové rozloženie a vývoj emisií skleníkových plynov (GHG) v európskych regiónoch NUTS 2 v rokoch 2020–2024 pomocou exploračnej analýzy dát (EDA) a priestorovej exploračnej analýzy dát (ESDA) v softvéri GeoDa. V príspevku sa využíva technika krabicových grafov, krabicových máp, ako aj výpočet globálnej a lokálnej Moranovej I štatistiky na identifikáciu štruktúry, heterogenity a priestorovej autokorelácie. Výsledky ukazujú mierny, ale konzistentný pokles regionálnych emisií a postupné znižovanie variability medzi regiónmi. 
610 2 0 |a emisie 
610 2 0 |a ekológia 
610 2 0 |a efekt skleníkový 
610 2 0 |a regióny 
610 2 0 |a výskum 
100 1 |a Chocholatá, Michaela, 1977-